000 00571nam a2200217Ia 4500
999 _c50391
_d50391
001 17334
003 GE_BSU
005 20210125130844.0
008 181216s2008||||gw |||||||||||||| ||gmh||
020 _a9783468474842
040 _cGE_BSU
041 _agmh
080 _a811.112 A-87
245 _aAspekte. Mittelstufe Deutsch 2 /
_bArbeitsbuch.
264 _aBerlin :
_blangenscheidt,
_c2008.
300 _a119 p.
_b+1CD-Rom
653 _aArbeitsbuch
653 _aAspekte. Mittelstufe Deutsch
653 _aგერმანული ენა
942 _cBK
_2udc